• 首页
  • 本馆介绍
  • 公告通知
  • 最新文献
  • 馆藏检索
  • 电子资源
  • 读者导购
  • 参考咨询
  • 我的图书馆
  • 登录
  • 详细信息显示
  • 放入我的书架
  • 预约/预借图书
  • 作者相关作品
  • 分类相关作品
  • 丛书相关作品
  • 出版社相关作品

书目信息

  • 表格格式
  • 工作单格式
  • 卡片格式
题名:
变形的新闻屋
    
 
作者: 李希光 著
分册:  
出版信息: 成都   四川人民出版社  2000
页数: 268页
开本: 20cm
丛书名: 新世纪青年文丛
单 册:
中图分类: G210.7
科图分类:
主题词: 互联网络--应用--新闻工作--研究 , 互联网络 , 新闻工作
电子资源:
ISBN: 7-220-05162-X
000 00948oam2 2200277 450
001 1256129890
005 20121005153621.92
010    @a7-220-05162-X@dCNY16.00
100    @a20010213d2000 em y0chiy0110 ea
101 0  @achi
102    @aCN@b510000
105    @ay z 000yy
200 1  @a变形的新闻屋@Abian xing de xin wen wu@f李希光著
210    @a成都@c四川人民出版社@d2000
215    @a268页@d20cm
225 2  @a新世纪青年文丛
314    @a李希光(1959~),清华大学国际传播研究中心主任、新闻学教授,美国《科学》杂志顾问,著有《中国有多坏?》等。
330    @a本书主要包括:新闻出口的多元化环境和信息源的多元化、网络新闻传播的滚动化、网络报的优势和前景如何、网络时代的新闻传播等内容。
461  0 @12001 @a新世纪青年文丛
606 0  @a互联网络@x应用@x新闻工作@x研究
606 0  @a互联网络
606 0  @a新闻工作
690    @aG210.7@v4
701  0 @a李希光@Ali xi guang@4著
801  0 @aCN@bNLC@c20101222
905    @a10447@dG210.7@eJY39
    
    变形的新闻屋/李希光著.-成都:四川人民出版社,2000
    268页;20cm.-(新世纪青年文丛)
    
    
    ISBN 7-220-05162-X:CNY16.00
    本书主要包括:新闻出口的多元化环境和信息源的多元化、网络新闻传播的滚动化、网络报的优势和前景如何、网络时代的新闻传播等内容。
●
相关链接 在E读中查询图书 在五车中查询图书 在当当中查询图书 在豆瓣中查询图书


正题名:变形的新闻屋     索取号:G210.7/JY39         预约/预借

序号 登录号 条形码 馆藏地/架位号 状态 备注
1 7814642   278146427   学院路分馆/ [索取号:G210.7/JY39] 在馆    
2 7814643   278146436   学院路分馆/ [索取号:G210.7/JY39] 在馆    
3 7814644   278146445   学院路分馆/ [索取号:G210.7/JY39] 在馆    
4 7814645   278146454   学院路分馆/ [索取号:G210.7/JY39] 在馆    
唐山师范学院图书馆 欢迎您!
大连网信软件有限公司© 版权所有